| Tag |
First Indicator |
Second Indicator |
Subfields |
| LEADER |
00000cam a2200000I 4500 |
| 001 |
in00001672003 |
| 005 |
20151024131515.0 |
| 008 |
970929s1960 ru b 000 0 rus |
| 010 |
|
|
|a 61023863
|
| 035 |
|
|
|a (OCoLC)ocm37703722
|
| 040 |
|
|
|a DLC
|c GZM
|d TXA
|d UtOrBLW
|
| 049 |
|
|
|a TXAM
|
| 050 |
0 |
0 |
|a HC455
|b .S35
|
| 100 |
1 |
|
|a Savelʹev, N. A.
|q (Nikolaĭ Aleksandrovich)
|
| 245 |
1 |
0 |
|a Amerikanskiĭ kapital na Filippinakh.
|
| 264 |
|
1 |
|a Moskva :
|b Izd-vo In-ta mezhdunarodnykh otnosheniĭ,
|c 1960.
|
| 300 |
|
|
|a 203 pages ;
|c 22 cm.
|
| 336 |
|
|
|a text
|b txt
|2 rdacontent
|
| 337 |
|
|
|a unmediated
|b n
|2 rdamedia
|
| 338 |
|
|
|a volume
|b nc
|2 rdacarrier
|
| 504 |
|
|
|a Includes bibliography.
|
| 536 |
|
|
|a From the Estate of George and Mathilda Sabo by Dr. Joseph R. Corcoran & Irene Sabo Corcoran and Family. September 1998.
|
| 651 |
|
0 |
|a Philippines
|x Economic conditions
|y 1918-
|
| 650 |
|
0 |
|a Investments, American
|z Philippines.
|
| 994 |
|
|
|a E0
|b TXA
|
| 948 |
|
|
|a cataloged
|b h
|c 2002/5/15
|d c
|e tchubaryan
|f 11:52:33 am
|
| 999 |
|
|
|a MARS
|
| 999 |
f |
f |
|s ffb2c998-6935-3724-96ad-c66cd254dda3
|i a0eb4f3e-7533-35bb-8a23-69afdc74a5d4
|t 0
|
| 952 |
f |
f |
|p ric
|a Texas A&M University
|b Rellis Campus
|c Joint Library Facility
|d Remote Storage
|t 0
|e HC455 .S35
|h Library of Congress classification
|i unmediated -- volume
|m A14828891838
|
| 998 |
f |
f |
|a HC455 .S35
|t 0
|l Remote Storage
|